| 000 | 00479nam a22001457a 4500 | ||
|---|---|---|---|
| 999 |
_c134192 _d134192 |
||
| 005 | 20240528101357.0 | ||
| 008 | 240528b ||||| |||| 00| 0 eng d | ||
| 040 | _cPK-LaUMT | ||
| 082 |
_aAPC 297.4092 _bABA-H |
||
| 100 | _aAbaidullah Khan Durrani = عبیداللہ خاں درانی | ||
| 245 |
_aHayat qadir = حیات قادر / _cby Abaidullah Khan Durrani = عبیداللہ خاں درانی |
||
| 260 |
_aPeshawar : _bArt Press, _c1964 |
||
| 300 | _a386 p. | ||
| 942 | _cBK | ||